00609nam a2200169 i 4500001000300000100004100003245010300044260003700147300003600184500001700220504003600237040000800273041000800281080001100289008004100300856009800341bg1 aGiljarevskij, Rudžero Sergeevič. 0aInformatika i bibliotekovodenie. Obscie tendencii v razvitii i prepodavanii /cR. S. Giljarevskij. aMoskva :bIzdat. "Nauka",c1974. as. 200, nlb. 4 :btabl. nlb. 1. a[Alf. ros.]. a[Zawiera bibliogr. s. 189-194]. cBPK apol a002:02 s pl f |000 0 pol  uhttp://koha.tu.koszalin.pl/cgi-bin/koha/opac-detail.pl?biblionumber=26769yKatalog online BPK